Projekt knižnice v Hrubej Borši

Salvato in:
Dettagli Bibliografici
Autore principale: Hakszer, Tomáš (Autore)
Altri autori: Hanuliak, Peter (Relatore della tesi)
Natura: Manoscritto Libro
Lingua:slovacco
Pubblicazione: 2023
Soggetti:
Accesso online:http://is.stuba.sk/zp/portal_zp.pl?podrobnosti=168602
https://opac.crzp.sk/?fn=detailBiblioForm&sid=EC7951772ACC837B5978C9A56A1E
Tags: Aggiungi Tag
Nessun Tag, puoi essere il primo ad aggiungerne!!

MARC

LEADER 00000ntm a22000003a 4500
001 stuzp94999
003 SK-STU
005 20230918153141.4
007 ta
008 150427s2015----xo-----f-mn---000-0-slo-d
040 |a STU  |b slo 
041 0 |a slo 
100 1 |a Hakszer, Tomáš  |u 010180  |k Z3  |4 aut  |U SvF Stavebná fakulta  |T SvF Katedra konštrukcií pozemných stavieb  |X 93144  |U V180  |Y 18  |7 93144 
242 0 1 |a Library in Hrubá Borša project  |y eng 
245 1 0 |a Projekt knižnice v Hrubej Borši 
260 |c 2023 
650 4 |a projekt na realizáciu stavby  |2 slo 
650 4 |a novostavba  |2 slo 
650 4 |a knižnica  |2 slo 
650 4 |a project for building construction  |2 eng 
650 4 |a library  |2 eng 
650 4 |a new-building  |2 eng 
700 1 |a Hanuliak, Peter  |u 010180  |k Z1  |4 ths  |U SvF Stavebná fakulta  |T SvF Katedra konštrukcií pozemných stavieb  |X 11280  |U V180  |Y 18  |7 A000011280 
856 4 |u http://is.stuba.sk/zp/portal_zp.pl?podrobnosti=168602 
856 4 |u https://opac.crzp.sk/?fn=detailBiblioForm&sid=EC7951772ACC837B5978C9A56A1E